000 00701nam a2200181Ia 4500
008 151018s9999 xx 000 0 und d
082 _bRBASDV26352
_a891.464
100 _aरा के लेले
245 _aमराठी वृत्तपत्रांचा इतिहास
250 _b1
260 _bकॉन्टिनेन्टल प्रका. पुणे
_c1984
300 _a1165
600 _aरा के लेले
630 _aमराठी वृत्तपत्रांचा इतिहास
700 _aरा के लेले
730 _aमराठी वृत्तपत्रांचा इतिहास
942 _cBOOK
999 _c1025956
_d1025953